000 00597nam a2200205Ia 4500
003 OSt
005 20250117142139.0
008 210716s1966 xx 000 0 und d
040 _cAIMIT LIBRARY
041 _aeng
082 _a808.83
_21
_bNIEF
100 _aNietzsche, Friedrich.
_9193924
245 _aBeyond good and evil /
_cBy Friedrich Nietzsche.
250 _a1st ed.
260 _aNew Yoek :
_bVintage books ;
_c1966.
300 _a256p. ;
_bPB
_c18 cm.
650 _aTranslators preface
_9193925
650 _aEpigrams and interludes
_9193926
942 _2ddc
_cBK
_e1st ed.
_k808.83 NIEF
999 _c200995
_d200995